| 000 | 00472nam a2200169 a 4500 | ||
|---|---|---|---|
| 001 | 0434 | ||
| 005 | 20140414131919.0 | ||
| 008 | 040107s19uu xx 00 eng d | ||
| 020 | _a0-525-46714-9 | ||
| 050 |
_aER _bW72 2001 |
||
| 245 |
_aWinnie the pooh's ABC / _cIllustrator : Ernest Shepard. |
||
| 260 |
_aNew York : _bDutton Children's Book, _c2001. |
||
| 300 | _ap. ; cm. | ||
| 650 |
_aAlphabets _xJuvenile literature. |
||
| 650 | _aSign language. | ||
| 999 |
_c111658 _d111658 |
||